01293 2200205 4500001002100000005001500021008004100036035002000077082000800097084001400105100001500119245002600134250000600160260003800166300001200204520083700216650001001053990001201063990001201075INLIS00000000000087420240604093340240604 1 ind  a0010-0524000109 a813 a813 MAR g aBee, Marie1 aGalaniza /cMarie Bee a1 aYogyakarta :bSheila/ Andi,c2007 a240 hlm aApa jadinya kalau mencintai cowok berandalan, suka berantem, dan punya musuh dimana-mana? Padahal, cowok itu menaruh hatipun tidak. Pada saat yang sama, seorang cowok keren, idola kampus, begitu cinta Inilah yang dialami Iza,memendam rasa cinta pada orang yang sangat dibenci Risti, sahabatnya, sekaligus dibenci banyak orang. Apalagi setelah Galan hampir menewaskan Randy, sepupu Risti. Lengakp sudah predikat anak bengal bagi Galan. Di mata Iza, Galan adalah pahlawan. Inilah mengapa ia bersikap dingin pada Dewa, cowok yang cinta mati padanya. Bagi Iza, menerima cinta Dewa berarti dia mengkhianati perasaannya pada Galan. Tapi apakah pilihan itu tepat? Haruskah ia berbalik mencintai Dewa demi menjaga persahabatannya?Sementara Iza yakin Galan tidak bersalah. Tapi, bagaimana membuktikannya? Dan bagaimana membuat orang percaya? 4aFiksi a0741348 a0741349